01011nam a22001577a 4500008004100000020001500041050001600056100002300072245005700095250001200152260003500164300002600199500002000225505059200245650001600837120228t xxu||||| |||| 00| 0 eng d a0273657356 aHD58.8.C363 aCarnall, Collin A. aManaging change in organizations /cColin A. Carnall a4th ed. aHarlow:bPrentice Hall,c2003. ax,337p.:bill;c23cm. aIncludes index. aContents: Strategic change: Intellectual task or magic touch? -- The Transformation perspective -- The Strategic management of breakthrough change -- Management structures and management in action -- Organizations in the twenty-first century: The Value-added organization -- Sustaining organizational effectiveness -- Managing complexity -- Leadership in practice -- The Learning organization -- Strategies for change -- Diagnosing change -- Managing major changes -- Change architecture -- Learning from change -- A Strategy for effctiveness -- Strategies for corporate transformation.  aManagement.